000 00211 a2200097 4500
001 27906
100 _aSelby, S M
245 _aStandard Mathematical Tables
260 _a
_bC R C Press
_c
090 _c18641
_d18641
942 _aNUST-CAE
_cM
_c9604
999 _c262979
_d262979